| 000 | 01017nam a2200301 a 4500 | ||
|---|---|---|---|
| 008 | |||
| 020 | _a9780521416566 (hardback) | ||
| 040 |
_aNUST _cNUST |
||
| 049 | _aMAIN | ||
| 090 |
_aTK7868.D5 _bGOS |
||
| 100 | 1 |
_aGosling, John B., _aauthor. |
|
| 245 | 1 | 0 |
_aSimulation in the design of digital electronic systems/ _c John B Gosling. |
| 260 |
_aCambridge : _bCambridge University Press, _c1993. |
||
| 300 |
_axv, 273 pages : _billustrations ; _c24 cm. |
||
| 336 |
_atext _btxt _2rdacontent |
||
| 337 |
_aunmediated _bn _2rdamedia |
||
| 338 |
_avolume _bnc _2rdacarrier |
||
| 440 | _aElectronics texts for engineers and scientists. | ||
| 500 | _aIncludes index. | ||
| 504 | _aIncludes bibliographical references. | ||
| 650 | 1 | _aDigital electronics. | |
| 650 |
_aElectronic circuit design _xData processing. |
||
| 650 | _aComputer-aided design. | ||
| 907 |
_a.b10405859 _b21-06-21 _c21-06-21 |
||
| 003 | |||
| 005 | 20230123141207.0 | ||
| 942 |
_cBOOKS _kTK7868.D5 _mGOS |
||
| 999 |
_c169288 _d169288 |
||